[Event "TUR-chT Clubs"]
[Site "Konya"]
[Date "2019.07.19"]
[Round "6.28"]
[White "Atabay, Kagan"]
[Black "Gorgulu, Talha Ozan"]
[Result "1-0"]
[WhiteElo "1509"]
[BlackElo "1146"]
[PlyCount "51"]
[EventDate "2019.07.16"]
[EventType "team-swiss"]
[EventRounds "9"]
[EventCountry "TUR"]
[SourceTitle "CBM 191 Extra"]
[Source "ChessBase"]
[SourceDate "2019.09.30"]
[SourceVersion "1"]
[SourceVersionDate "2019.09.30"]
[SourceQuality "1"]
[WhiteTeam "Akcakoca Palamut Bric"]
[BlackTeam "Harput Genclik"]
[WhiteTeamCountry "TUR"]
[BlackTeamCountry "TUR"]

1. e4 e5 2. Nf3 Nf6 3. Nc3 Nc6 4. Bc4 Bc5 5. 0-0 d6 6. h3 0-0 7. a3 h6 8. d3 Re8 9. Na4 Bb6 10. Nxb6 axb6 11. Nh2 Be6 12. Bxe6 Rxe6 13. f4 Nd7 14. c3 exf4 15. Bxf4 Nf6 16. Qc2 Ne5 17. Rad1 Qe7 18. Nf3 Nh5 19. Bc1 Rd8 20. Nd4 Ng3 21. Nxe6 Nxf1 22. Nxg7 Kxg7 23. Rxf1 Rg8 24. d4 Nd7 25. Qf2 f6 26. Qh4 1-0